| 000 | 00973nam a2200241 a 4500 | ||
|---|---|---|---|
| 005 | 20150918162846.0 | ||
| 008 | 150918s2005 pl a gr 000 0 spa d | ||
| 020 | _a8388288571 | ||
| 020 | _a9788388288579 | ||
| 040 |
_aCO-BoUCM _bspa _cDavid Avila _dDavid Avila |
||
| 041 | 1 |
_aspa _hpol |
|
| 245 | 0 | 4 |
_aLos días de solidaridad _c[elección de textos y redacción general Katarzyna Madoń-Mitzner ; trad. al español Miguel Méndez Linares]. |
| 260 |
_aVarsovia (Polonia) _bFundacja Ośrodka "Karta" _c2005 |
||
| 300 |
_a104 páginas _bilustraciones |
||
| 610 |
_aSolidarnosc _xHistoria _971628 |
||
| 650 |
_aMovimiento obrero _zPolonia _xHistoria _y1980-1981 _971629 |
||
| 651 | 7 |
_aPolonia _xHistoria _y1980-1981 _971630 |
|
| 690 |
_942846 _aHistoria de Europa |
||
| 700 | 1 |
_aMadoń-Mitzner, Katarzyna _ecompilador _971631 |
|
| 700 | 1 |
_aMéndez Linares, Miguel _etraductor _971632 |
|
| 942 |
_2DEWEY _a21 _cLIBRO _e1 _h943.805 _mD541d |
||
| 999 |
_c300629 _d300629 |
||